=LDR 00000nam 2200000 4500 =001 INLIS000000000013681 =005 20130612105032 =008 ***********************************Ind** =035 ##$$0010-061300000013681 =041 ##$$a Ind =082 ##$$a R.335.980 4 =090 ##$$a R.335.980 4, Lap l =245 ##$$a Laporan perekonomian Indonesia 2002, Rohana Lusiawati =260 ##$$a 2002 $b Jakarta =300 ##$$a 103 hlm, 29 cm =650 ##$$a Ekonomi, Indonesia - Laporan =850 ##$$a NBPNMAT